000 00769nam a2200205Ia 4500
003 GCL
008 140319s9999 xx 000 0 ara d
040 _aGCL /
_cGCL
082 0 4 _a956.04
_bا ع
100 1 _aانطوان زحلان
245 1 0 _aالعلم والتكنولوجيا فى الصراع العربى الاسرائيلى /
_cانطوان زحلان
260 _a[S.N] :
_bاوراق مؤسسة الدراسات الفلسطينية ،
_c1981
300 _a35 ص
490 _aاوراق مؤسسة الدراسات الفلسطسينية
_v0
650 0 4 _aالنزاع العربى الاسرائيلى
650 0 4 _aالعلوم الحربية
650 0 4 _aالتكنولوجيا
650 0 4 _aالعلوم العسكرية
942 _2ddc
_cBK
999 _c40480
_d40480